| 000 | 00532nam a22001577a 4500 | ||
|---|---|---|---|
| 003 | OSt | ||
| 005 | 20260120145004.0 | ||
| 008 | 260120b |||||||| |||| 00| 0 eng d | ||
| 040 | _cMRSPTU | ||
| 041 | _aEnglish | ||
| 100 | _aManpreet Kaur, Supervisor: Abhilasha | ||
| 245 | _aTLH-DEEC: Two Level Hierarchical Distributed Energy Efficient Clustering approach toward Efficient Energy Utilization in Wireless Sensor Network | ||
| 260 |
_bDepartment of CSE, MRSPTU, Bathinda _c2014 |
||
| 650 | _aComputer Science | ||
| 942 |
_2ddc _cTH _n0 |
||
| 999 |
_c10703 _d10703 |
||